1953 मधील कूळ व शेत जमीन कायद्यातील महत्वाच्.या सधारणा व त्यांचे परिणाम (Record no. 122088)

MARC details
000 -LEADER
fixed length control field 00997nam a2200181Ia 4500
008 - FIXED-LENGTH DATA ELEMENTS--GENERAL INFORMATION
fixed length control field 090124s9999 xx 000 0 und d
082 ## - DEWEY DECIMAL CLASSIFICATION NUMBER
Item number 8147
Classification number 65
100 ## - MAIN ENTRY--PERSONAL NAME
Personal name कुलकर्णी व्ही.एस.
245 ## - TITLE STATEMENT
Title 1953 मधील कूळ व शेत जमीन कायद्यातील महत्वाच्.या सधारणा व त्यांचे परिणाम
250 ## - EDITION STATEMENT
Edition statement 1
260 ## - PUBLICATION, DISTRIBUTION, ETC. (IMPRINT)
Date of publication, distribution, etc 1953
300 ## - PHYSICAL DESCRIPTION
Extent 20
600 ## - SUBJECT ADDED ENTRY--PERSONAL NAME
Personal name कुलकर्णी व्ही.एस.
630 ## - SUBJECT ADDED ENTRY--UNIFORM TITLE
Uniform title 1953 मधील कूळ व शेत जमीन कायद्यातील महत्वाच्.या सधारणा व त्यांचे परिणाम
700 ## - ADDED ENTRY--PERSONAL NAME
Personal name कुलकर्णी व्ही.एस.
730 ## - ADDED ENTRY--UNIFORM TITLE
Uniform title 1953 मधील कूळ व शेत जमीन कायद्यातील महत्वाच्.या सधारणा व त्यांचे परिणाम
942 ## - ADDED ENTRY ELEMENTS (KOHA)
Koha item type Book
Holdings
Withdrawn status Lost status Damaged status Not for loan Home library Current library Date acquired Cost, normal purchase price Total Checkouts Full call number Barcode Date last seen Cost, replacement price Price effective from Koha item type
        Marathi Granth Sangrahalaya,Thane Marathi Granth Sangrahalaya,Thane   0.75   8147 THNMGS-8147 01/24/2009 0.75 01/24/2009 Book